Fluid Dynamics of Cavitation and Cavitating Turbopumps

Salvato in:
Dettagli Bibliografici
Autore principale: Luca d'Agostino (Autore)
Natura: Libro
Lingua:inglese
Pubblicazione: Wien New York : Springer, 2007
Edizione:1. vyd.
Soggetti:
Tags: Aggiungi Tag
Nessun Tag, puoi essere il primo ad aggiungerne!!

MARC

LEADER 00000nam a22000003a 4500
001 stu273800
005 20190206105230.8
008 130904s2007------------------------eng-d
020 |a 978-3-211-76668-2 
040 |a STU  |b slo 
041 0 |a eng 
100 1 |a Luca d'Agostino  |4 aut 
245 1 |a Fluid Dynamics of Cavitation and Cavitating Turbopumps 
250 |a 1. vyd. 
260 |a Wien New York :  |b Springer,  |c 2007 
300 |a 351 s 
650 7 |a dynamika kvapalín  |2 stusub 
650 7 |a Kavitácia  |2 stusub 
650 7 |a turbínové čerpadlá  |2 stusub 
996 |b 284J041176  |c J*115948  |l JJSK  |s A  |a 24  |w stu273800_0001